000 00700cab a2200229 4500
001 WB3211-47
008 090401t1996 xxu||||| |||| 00| 0 eng d
035 _a(Sirsi) u50931
041 _aeng
245 _aPlanning too bureaucratic
260 _c1996
350 _a0
490 _aRICS Press Release
_v(PR28.plan) 12 March 1996
520 _aAccording to an independent survey commissioned by the RICS most UK industry decision-makers are unaware or indifferent to the role planning plays in business.
650 _aBUSINESS
650 _aPLANNING PROCESS
650 _aPLANNING SYSTEM
650 _aSURVEY
690 _aPLANNING LAW AND PRACTICE
942 _n0
948 _c04/03/1997
999 _c31786
_d31786